Si deseas seguir viviendo /
Guardado en:
| Autor Principal: | |
|---|---|
| Formato: | Libro |
| Publicado: |
Buenos Aires :
CompaÑia Impresora Argentina,
1973
|
| Materias: | |
| Etiquetas: |
Agregar Etiqueta
Sin Etiquetas, Sea el primero en etiquetar este registro!
|
| LEADER | 00486nam a22001575a 4500 | ||
|---|---|---|---|
| 001 | EHU.bham008608 | ||
| 003 | AR-BHAM | ||
| 005 | 20100107141518.0 | ||
| 008 | 130507s1973##################000#0#####d | ||
| 082 | 8 | 2 | |a 823.9 |
| 100 | 1 | |a Chase, James Hadley | |
| 245 | 1 | 0 | |a Si deseas seguir viviendo / |c James Hadley Chase. |
| 260 | |a Buenos Aires : |b CompaÑia Impresora Argentina, |c 1973 | ||
| 300 | |a 177 p. | ||
| 653 | |a Novela inglesa-1901- | ||
| 859 | |a AR-BHAM |b BIB. HUMANIDADES - General |h 823.9 |i C386 |p 357.73 |t Ej.1 | ||
